Guess the random Taylor Swift Song Lyrics 139 - Statistics

General Stats
  • This quiz has been taken 20 times
  • The average score is 275 of 383
Answer Stats
Answer % Correct
a
100%
I
100%
(I)
100%
the
100%
you
100%
You
100%
you)
100%
(you
100%
be
94%
love
94%
(Love)
94%
could
89%
Could
89%
me
89%
one
89%
that
89%
to
89%
Where
89%
your
89%
And
83%
and
83%
can
83%
do
83%
in
83%
at
78%
for
78%
of
78%
You're
78%
all
72%
it
72%
(it
72%
like
72%
my
72%
By
67%
can't
67%
'Cause
67%
ever
67%
here
67%
it's
67%
know
67%
are
61%
But
61%
I'm
61%
is
61%
so
61%
bottle
56%
down
56%
If
56%
Message
56%
night
56%
night)
56%
now
56%
see
56%
dream
50%
how
50%
How
50%
London
50%
(London)
50%
Look
50%
sleep
50%
time
50%
Standin'
44%
standin'
44%
again
39%
away
39%
days
39%
far
39%
gets
39%
hopin'
39%
I'll
39%
terrified
39%
These
39%
(yeah
39%
yeah)
39%
you've
39%
face
33%
frightenin'
33%
keep
33%
kinda
33%
made
33%
reason
33%
crowd
28%
Disaster
28%
endless
28%
eyes
28%
Feelin'
28%
reachin'
28%
Standing
28%
waitin'
28%
while
28%
Work
28%
became
22%
bright
22%
faster
22%
freckles
22%
hypnotized
22%
laughter
22%
mm
22%
moves
22%
Replaying
22%
restless
22%
tied
22%
Tongue
22%
wonderin'
22%
(wonderin')
22%
No matching quizzes found
Score Distribution
Percent of People with Each Score
Percentile by Number Answered
Your Score History
You have not taken this quiz